000 00310nam a2200145Ia 4500
100 _aNaim/A.Kheir
250 _a3
942 _cBK
366 _f25
245 _aSystems Modelling and computer simulation
260 _bMarcel Dekker
_c1995
300 _a729
546 _aENGLISH
_celectronics
999 _c29722
_d29722